000 00634nam a22002057a 4500
003 NUST
005 20230117142200.0
008 190705b ||||| |||| 00| 0 eng d
038 _aMr. Zahoor
082 _a530
100 _aTahir, Noraize
_916878
245 _aCold Gas Clouds and Rotational Asymmetry in the Galactic Halos /
_cNoraize Tahir
260 _aIslambad :
_bSNS - NUST,
_c2019.
300 _axiii, 66 p. :ill. ;
_c30cm.
500 _aHardcover.
650 _aPhysics - MS Thesis
_916163
700 _aProf. Asghar Qadir
_916164
856 _uhttp://10.250.8.41:8080/xmlui/handle/123456789/4289
942 _2ddc
_cTHE
999 _c525928
_d525928